Online
Catalog

Proceso atención enfermería : (Record no. 36089)

MARC details
000 -CABECERA
campo de control de longitud fija 00753nam a2200193 a 4500
001 - NÚMERO DE CONTROL
campo de control 000036598
005 - FECHA Y HORA DE LA ÚLTIMA TRANSACCIÓN
campo de control 20200930075824.0
008 - DATOS DE LONGITUD FIJA--INFORMACIÓN GENERAL
campo de control de longitud fija 120123s1985 sp a 000 0 spa d
040 ## - FUENTE DE LA CATALOGACIÓN
Centro catalogador/agencia de origen DO-SdBNP
Lengua de catalogación spa
Centro/agencia transcriptor BNPHU
100 1# - ENTRADA PRINCIPAL--NOMBRE DE PERSONA
Nombre de persona Roper, Nancy
9 (RLIN) 62244
245 10 - MENCIÓN DE TÍTULO
Título Proceso atención enfermería :
Resto del título modelos de aplicación /
Mención de responsabilidad, etc. Autoras Nancy Roper, Winifred W. Logan, Alison J. Tierney ; traducción Esther Sánchez Lozano.
260 ## - PUBLICACIÓN, DISTRIBUCIÓN, ETC.
Lugar de publicación, distribución, etc. Madrid :
Nombre del editor, distribuidor, etc. Interamericana,
Fecha de publicación, distribución, etc. 1985.
300 ## - DESCRIPCIÓN FÍSICA
Extensión xii, 121 p. :
Otras características físicas il. ;
Dimensiones 28 cm.
650 24 - PUNTO DE ACCESO ADICIONAL DE MATERIA--TÉRMINO DE MATERIA
Término de materia o nombre geográfico como elemento de entrada Enfermería
Subdivisión general Problemas, ejercicios, etc.
9 (RLIN) 62874
650 24 - PUNTO DE ACCESO ADICIONAL DE MATERIA--TÉRMINO DE MATERIA
Término de materia o nombre geográfico como elemento de entrada Enfermería
Subdivisión general Casos de estudio
9 (RLIN) 62875
700 1# - PUNTO DE ACCESO ADICIONAL--NOMBRE DE PERSONA
Nombre de persona Logan, Winifred W.
9 (RLIN) 62245
700 1# - PUNTO DE ACCESO ADICIONAL--NOMBRE DE PERSONA
Nombre de persona Tierney, Alison J.
9 (RLIN) 62246
700 1# - PUNTO DE ACCESO ADICIONAL--NOMBRE DE PERSONA
Nombre de persona Sánchez Lozano, Esther,
Término indicativo de función/relación trad.
9 (RLIN) 62876
Holdings
Estado de retiro Estado de pérdida Restricciones de uso No para préstamo Código de colección Localización permanente Ubicación/localización actual Ubicación en estantería Fecha de adquisición Número de inventario Total de préstamos Signatura topográfica completa Código de barras Fecha visto por última vez Precio válido a partir de Tipo de ítem Koha
      Excluido de préstamo Monografías: Libros y Folletos General General En catalogación 23.01.2012 LF1   36598-10 25.06.2020 25.06.2020 No se presta

Powered by Koha